000 00521nam a22001817a 4500
005 20130611152820.0
010 _aENG-107560
020 _a9788122203448
_c245.00
035 _aEN-91093
037 _bDBAD/PUB
082 _a641.5638
100 _aPadma Vijay, G.
245 _aHealthy heart diet book /
_cby G. Padma Vijay
260 _aNew Delhi
_bOrient Paperbacks
_c2012
270 _a5A/8 Ansari Road
_bNew Delhi
_e110002
300 _a191p.:
_c22cm(pbk)
_bill.
942 _2ddc
_cEN
_mPAD
_h641.5638
999 _c76477
_d76477